| 000 | 00792nam a22002297a 4500 | ||
|---|---|---|---|
| 005 | 20170124110007.0 | ||
| 010 | _aB-088155 | ||
| 020 | _c00.00 | ||
| 035 | _aB-088155 | ||
| 037 | _bCen Lib/Ret | ||
| 040 |
_aDPL _bEN |
||
| 082 |
_a343.54099 _bRAY |
||
| 100 |
_aRayudu, C.S. _981240 |
||
| 245 |
_aMass media laws and regulations / _cby C.S. Rayudu [and] S.B. Nageswara Rao |
||
| 260 |
_bHimalaya Publishing House _c2005 _aNew Delhi |
||
| 270 |
_bNew Delhi _a4-B, Pooja Apartments, Murari Lal Street, Ansari Road, Daryaganj _e110002 |
||
| 300 |
_a203p. : _c18cm(Hb) |
||
| 650 |
_aMass media -- Law and legislation. _917134 |
||
| 650 |
_aMass media -- Law and legislation -- India. _917135 |
||
| 700 |
_aRao, S.B. Nageswara _917136 |
||
| 942 |
_2ddc _cEN _h343.54099 _mRAY |
||
| 999 |
_c126282 _d126282 |
||